MARC

LEADER 00000nas a2200000 i 4500
001 ssj0001611256
003 WaSeSS
005 20200512172242.0
006 m d
007 cr n
008 151210c20169999enkar pos | a0eng
010 |a  2015203960 
016 7 |a 101681550  |2 DNLM 
022 |a 2469-9322  |l 2469-9322 
035 |a (WaSeSS)ssj0001611256 
037 |b Taylor & Francis, 4 Park Square, Milton Park, Abingdon, Oxon, OX14 4RN UK 
040 |a DLC  |b eng  |e pn  |c DLC  |d LND  |d OCLCO  |d DLC  |d OCLCF  |d DLC  |d CUI  |d CASUM  |d UAB  |d NLM  |d OCLCO  |d OCLCA  |d VT2  |d WaSeSS 
042 |a pcc  |a nsdp 
050 4 |a RD29.7 
060 0 0 |a W1 
082 1 0 |a 617  |2 23 
130 0 |a Computer assisted surgery (Abingdon, England) 
210 1 0 |a Comput Assist Surg (Abingdon)  |2 dnlm 
210 0 |a Comput. assist. surg. 
222 0 |a Computer assisted surgery 
245 1 0 |a Computer assisted surgery  |h [electronic resource]. 
260 |a Abingdon, Oxon, UK :  |b Taylor & Francis,  |c [2016]- 
310 |a Annual 
362 1 |a Began with: Volume 21, Issue 1 (2016) 
506 |a License restrictions may limit access. 
515 |a Numbering from PDF caption. 
525 |a Volume 21 (2016) includes supplement. 
588 |a Description based on: Volume 21, Issue 1 (2016); title from caption (tandfonline.com website, viewed May 10, 2016). 
588 |a Latest issue consulted: Vol. 22, no.1 (2017) (Mar. 10, 2017). 
650 0 |a Computer-assisted surgery  |v Periodicals. 
650 7 |a Computer-assisted surgery.  |2 fast  |0 (OCoLC)fst01741507 
650 1 2 |a Image Processing, Computer-Assisted. 
650 1 2 |a Surgery, Computer-Assisted. 
650 1 2 |a Surgical Procedures, Operative. 
650 1 2 |a Therapy, Computer-Assisted. 
655 0 |a Electronic journals. 
780 0 0 |t Computer aided surgery (New York, N.Y. : Online)  |x 1097-0150  |w (DLC)sn 97001307  |w (OCoLC)37686698 
856 4 0 |z Full text available from Research Library: 01/01/2016 to present  |u https://search.proquest.com/publication/3933216